书目信息 |
| 题名: |
多民族中国与古代世界
|
|
| 作者: | 刘迎胜 著 | |
| 分册: | ||
| 出版信息: | 北京 中华书局 2020.12 |
|
| 页数: | 370页 | |
| 开本: | 22cm | |
| 丛书名: | ||
| 单 册: | ||
| 中图分类: | K247.07-53 | |
| 科图分类: | ||
| 主题词: | 中国历史--zhong guo li shi | |
| 电子资源: | ||
| ISBN: | 978-7-101-14960-9 | |
| 000 | 01001nam0 2200229 450 | |
| 001 | 2131044027 | |
| 005 | 20211029202829.0 | |
| 010 | @a978-7-101-14960-9@dCNY58.00 | |
| 100 | @a20210105d2020 em y0chiy0110 ea | |
| 101 | 0 | @achi |
| 102 | @aCN@b110000 | |
| 105 | @ay z 000yy | |
| 106 | @ar | |
| 200 | 1 | @a多民族中国与古代世界@Aduo min zu zhong guo yu gu dai shi jie@f刘迎胜著 |
| 210 | @a北京@c中华书局@d2020.12 | |
| 215 | @a370页@d22cm | |
| 330 | @a本书是“清华国学研究系列”第二种,作者为清华大学国学院特聘教授、著名蒙元史专家刘迎胜教授。全书收录论文16篇,作者通过他所擅长的历史语言学与历史文献学相结合的研究方法,深入蒙元史细节,就聚讼纷纭的诸多难题作出了缜密的考证。涉及的主题约可分为四组:蒙元政治史上的重大关节与重要人物、蒙元时代社会经济生活中的物质文化研究、历史语言“小儿锦”专文研究以及丝绸之路研究。 | |
| 606 | 0 | @a中国历史@Azhong guo li shi |
| 690 | @aK247.07-53@v5 | |
| 701 | 0 | @a刘迎胜@Aliu ying sheng@4著 |
| 801 | 0 | @aCN@b百万庄@c20211029 |
| 905 | @b1313083-86@dK247.07-53@e44@f4 | |
| 多民族中国与古代世界/刘迎胜著.-北京:中华书局,2020.12 |
| 370页;22cm |
| ISBN 978-7-101-14960-9:CNY58.00 |
| 本书是“清华国学研究系列”第二种,作者为清华大学国学院特聘教授、著名蒙元史专家刘迎胜教授。全书收录论文16篇,作者通过他所擅长的历史语言学与历史文献学相结合的研究方法,深入蒙元史细节,就聚讼纷纭的诸多难题作出了缜密的考证。涉及的主题约可分为四组:蒙元政治史上的重大关节与重要人物、蒙元时代社会经济生活中的物质文化研究、历史语言“小儿锦”专文研究以及丝绸之路研究。 |
| ● |
| 相关链接 |
|
|
|
|
正题名:多民族中国与古代世界
索取号:K247.07-53/44
 
预约/预借
| 序号 | 登录号 | 条形码 | 馆藏地/架位号 | 状态 | 备注 |
| 1 | 1313083 | 213130832 | 第二样本阅览室/ [索取号:K247.07-53/44] | 在馆 | |
| 2 | 1313084 | 213130841 | 第二借阅区/ [索取号:K247.07-53/44] | 在馆 | |
| 3 | 1313085 | 213130850 | 第二借阅区/ [索取号:K247.07-53/44] | 在馆 | |
| 4 | 1313086 | 213130869 | 第二借阅区/ [索取号:K247.07-53/44] | 在馆 |